00435 2200181 4500001002100000005001500021035002000036008004100056245003600097100002100133250000600154260003400160300001100194084001400205082000800219650001400227990001200241INLIS00000000000021320240502023018 a0010-0424000189240502 0 ind 1 aMengenal PBB /cAnik Nurcahyati aNurcahyati, Anik a1 aSolo :bTiga Serangkai,c2011 a92 hlm a300 ANI m a300 4aNon Fiksi a0732441